Sports par athlètes français - Statistiques

Statistiques générales
  • Ce quiz a été pris 2 340 fois
    1 086 depuis la dernière actualisation
  • Le résultat moyen est 13 sur 16
Statistiques - réponses
Classement Sports % Correct
Léon Marchand Natation
100%
Teddy Riner Judo
99%
Félix Lebrun Tennis de table
98%
Antoine Dupont Rugby
97%
Jules Koundé Football
96%
Pierre Gasly Formule 1
92%
Martin Fourcade Biathlon
88%
Arthur Fils Tennis
88%
Julian Alaphilippe Cyclisme
85%
Ciryl Gane MMA
82%
Nicolas Batum Basketball
78%
Earvin Ngapeth Volley-ball
74%
Alexis Pinturault Ski alpin
70%
Sasha Zhoya Athlétisme
63%
Dika Mem Handball
57%
Auriane Mallo-Breton Escrime
47%
Aucun quiz correspondant
Distribution des résultats
% des personnes avec chaque résultat
Percentile par nombre de réponses
Votre historique - résultats
Vous n’avez pas pris ce quiz depuis la dernière actualisation